00600nam a2200193Ia 4500008004100000020001800041082001400059100001700073245002900090250000700119260004200126300003300168500001900201600001500220650001500235942000700250952013200257999001700389240925s9999 xx 000 0 und d a9789332587120 a658.3 JAM aJames, P. S. 0aOrganisational Behaviour aNA aNew Delhi:bPearson Educationc,2017. axxxviii, 281p.bNAfOriginal aIncludes Index aManagement aManagement cBK 001040708MANaUITUbUITUd2019-01-20eAllied Book Companyg915.20l0o658.3 JAMpQ14144r2024-09-25 07:17:11w2024-09-25yBK c16643d16643